000
00190 a2200097 4500
020
_a
9788471319388
041
_a
spa
100
_a
Stefano Cagliano
245
_a
El Cuerpo Humano
942
_c
BK
999
_c
15070
_d
15070